000
00325nam a2200145Ia 4500
008
230711s9999||||xx |||||||||||||| ||und||
041
_a
ENG
082
_a
720
_b
HI-J
100
_a
Hibi,Sadao
245
0
_a
Japanese detail
250
_a
2nd
260
_c
1989
_a
New York
_b
Thames & Hudson
650
_a
Architecture
942
_c
BK
999
_c
394
_d
394